000 00706nam a2200217Ii 4500
003 JO-AjNU
008 230605s9999||||xx |||||||||||||| ||und||
017 _a2010/7/2594
040 _aJO-AjNU
_bara
_erda
_cJO-AjNU
041 _aara
050 1 4 _aLC4704 2011
100 3 _aالعزالي،سعيد كمال ,
_eauthor
_928009
245 0 0 _aتربية وتعليم ذوي صعوبات التعلم
250 _aط1
264 3 1 _aعمان:دار المسيرة،2011
300 _a207ص
336 _atext
_btxt
_2rdacontent
337 _aunmediated
_bn
_2rdamedia
338 _avolume
_bnc
_2rdacarrier
650 4 _aصعوبات التعلم-طرق التعلم-أساليب التدريس
_928010
999 _aA10811
_c14379
_d14379